[Event "Titled Tuesday intern op 09th Jan Early"]
[Site "Chess.com INT"]
[Date "2024.01.09"]
[Round "4"]
[White "Verbin, Valentina"]
[Black "Kraus, Tomas"]
[Result "0-1"]
[WhiteElo "2079"]
[BlackElo "2484"]
[PlyCount "116"]
[EventDate "2024.01.09"]
[EventType "swiss (blitz)"]
[EventRounds "11"]
[EventCountry "USA"]
[SourceTitle "CB03_2024"]
[SourceDate "2024.01.17"]
[SourceVersion "1"]
[SourceVersionDate "2024.01.17"]
[SourceQuality "1"]

1. Nf3 Nf6 2. d3 d6 3. e4 c5 4. Be2 Nc6 5. 0-0 g6 6. c3 Bg7 7. Be3 0-0 8. h3 e6 9. Qd2 b6 10. a4 d5 11. e5 Nd7 12. d4 Na5 13. Bh6 Nb3 14. Qf4 Nxa1 15. Nbd2 Nc2 16. Bd3 Nxd4 17. cxd4 cxd4 18. Nxd4 Bxe5 19. Qe3 Bg7 20. Nc6 Qc7 21. Rc1 Kh8 22. Nb3 Qd6 23. Bf4 e5 24. Bh6 Bb7 25. Bb5 d4 26. Bxg7+ Kxg7 27. Qd2 Nc5 28. Nxc5 bxc5 29. Na5 Bd5 30. Bc4 f5 31. Bxd5 Qxd5 32. Qg5 Rf6 33. Nc4 e4 34. Nd2 h6 35. Qf4 Rd8 36. Qc7+ Rd7 37. Qxc5 Qxc5 38. Rxc5 e3 39. fxe3 dxe3 40. Nf3 Rd1+ 41. Kh2 Re6 42. Rc7+ Kf6 43. Rxa7 e2 44. a5 Re3 45. Ra6+ Ke7 46. Ra7+ Kd6 47. Ra6+ Kc5 48. Rxg6 Rxf3 49. Re6 e1Q 50. Rxe1 Rxe1 51. gxf3 Re2+ 52. Kg3 Rxb2 53. Kf4 Rf2 54. Kxf5 Rxf3+ 55. Kg6 Rxh3 56. a6 Rh1 57. a7 Ra1 58. Kxh6 Rxa7 0-1

[Event "Rilton Cup 51st"]
[Site "Stockholm"]
[Date "2024.01.04"]
[Round "8"]
[White "Verbin, Valentina"]
[Black "Mihelic, Vesna"]
[Result "1-0"]
[WhiteElo "2069"]
[BlackElo "2112"]
[PlyCount "121"]
[EventDate "2023.12.27"]
[EventType "swiss"]
[EventRounds "9"]
[EventCountry "SWE"]
[SourceTitle "CB02_2024"]
[SourceDate "2024.01.10"]
[SourceVersion "1"]
[SourceVersionDate "2024.01.10"]
[SourceQuality "1"]

1. e4 e5 2. Nf3 Nc6 3. Bb5 a6 4. Ba4 d6 5. c3 Bd7 6. 0-0 Nge7 7. d4 Ng6 8. Bc2 Be7 9. a4 0-0 10. d5 Na7 11. a5 h6 12. c4 Bg5 13. Nc3 Bxc1 14. Qxc1 Nf4 15. Qe3 Qf6 16. Ne2 Bg4 17. Ra3 Nxe2+ 18. Qxe2 Nc8 19. h3 Bh5 20. Qd2 Ne7 21. Ne1 Qg5 22. Qxg5 hxg5 23. Bd3 Bg6 24. Nc2 Rfc8 25. Ne3 c6 26. b4 cxd5 27. cxd5 Rc7 28. f3 Rac8 29. b5 Rc3 30. Rfa1 axb5 31. Bxb5 f5 32. Bd7 Rxa3 33. Rxa3 Rc1+ 34. Kf2 fxe4 35. Rb3 Rc7 36. Be6+ Bf7 37. Bxf7+ Kxf7 38. fxe4 Kf6 39. Rb4 Ng8 40. Rb6 Kf7 41. Nf5 Nf6 42. Nxd6+ Ke7 43. Nf5+ Kf8 44. Kf3 Rc3+ 45. Ne3 Ra3 46. Rxb7 Rxa5 47. Rb8+ Kf7 48. Nc4 Ra4 49. Nxe5+ Ke7 50. Rb7+ Kd6 51. Nf7+ Kc5 52. Nxg5 g6 53. Rc7+ Kd4 54. d6 Ra3+ 55. Kf4 Nh5+ 56. Kg4 Nf6+ 57. Kh4 Ra8 58. d7 Ke5 59. d8Q Rxd8 60. Nf7+ Kf4 61. g3+ 1-0

[Event "Titled Tuesday intern op 12th Dec Early"]
[Site "Chess.com INT"]
[Date "2023.12.12"]
[Round "6"]
[White "Mesquita, Eduardo Barbosa"]
[Black "Verbin, Valentina"]
[Result "0-1"]
[WhiteElo "1971"]
[BlackElo "2069"]
[PlyCount "52"]
[EventDate "2023.12.12"]
[EventType "swiss (blitz)"]
[EventRounds "11"]
[EventCountry "USA"]
[SourceTitle "CB51_2023"]
[SourceDate "2023.12.20"]
[SourceVersion "1"]
[SourceVersionDate "2023.12.20"]
[SourceQuality "1"]

1. e4 e6 2. d4 d5 3. e5 c5 4. c3 Nc6 5. Nf3 Qb6 6. Be2 cxd4 7. cxd4 Nge7 8. 0-0 Nf5 9. Be3 Be7 10. Nc3 0-0 11. a3 f6 12. exf6 Bxf6 13. Qd2 Ncxd4 14. Nxd4 Bxd4 15. Bxd4 Qxd4 16. Qg5 Rf6 17. Rad1 Qe5 18. Rfe1 Bd7 19. Bb5 Qc7 20. Rxd5 Bxb5 21. Rxb5 Rg6 22. Qd2 Nh4 23. Kf1 Qxh2 24. Ne4 Qxg2+ 25. Ke2 Qf3+ 26. Kf1 Rg1+ 0-1

[Event "Titled Tuesday intern op 12th Dec Early"]
[Site "Chess.com INT"]
[Date "2023.12.12"]
[Round "3"]
[White "Teterev, Vitaly"]
[Black "Verbin, Valentina"]
[Result "1-0"]
[WhiteElo "2306"]
[BlackElo "2069"]
[PlyCount "127"]
[EventDate "2023.12.12"]
[EventType "swiss (blitz)"]
[EventRounds "11"]
[EventCountry "USA"]
[SourceTitle "CB51_2023"]
[SourceDate "2023.12.20"]
[SourceVersion "1"]
[SourceVersionDate "2023.12.20"]
[SourceQuality "1"]

1. e4 e6 2. d4 d5 3. Nc3 Nf6 4. Bg5 dxe4 5. Nxe4 Be7 6. Bxf6 gxf6 7. Nf3 a6 8. g3 f5 9. Nc3 b5 10. Bg2 Bb7 11. 0-0 c5 12. Re1 cxd4 13. Nxd4 Bxg2 14. Kxg2 b4 15. Na4 Qd5+ 16. Qf3 Qxf3+ 17. Kxf3 Nd7 18. Re2 h5 19. Nxf5 Bf6 20. Nd6+ Ke7 21. Rd1 Ne5+ 22. Kg2 Rhd8 23. Red2 Nc6 24. Nb6 Rab8 25. Nbc4 Ne5 26. Nxe5 Bxe5 27. Nc4 Rxd2 28. Rxd2 Bc7 29. f4 a5 30. b3 h4 31. Kf3 hxg3 32. hxg3 Rh8 33. Kg2 Rg8 34. Rf2 Rd8 35. Nb2 Bb6 36. Re2 Rg8 37. Nd3 Bd4 38. Kf3 Rh8 39. Re4 Bc3 40. Kg2 Ra8 41. Rc4 a4 42. Nxb4 axb3 43. axb3 Bxb4 44. Rxb4 Rd8 45. Rb7+ Kf6 46. c4 Rd2+ 47. Kf3 Rd3+ 48. Kg4 e5 49. fxe5+ Kxe5 50. c5 f5+ 51. Kh4 Rd4+ 52. Kh3 Rd3 53. Kg2 Rd2+ 54. Kf3 Rd3+ 55. Kf2 Rd2+ 56. Ke3 Rg2 57. Kf3 Rc2 58. b4 Rc3+ 59. Kg2 Rc2+ 60. Kh3 Rc3 61. Re7+ Kf6 62. Re8 f4 63. Rf8+ Ke5 64. Rxf4 1-0

[Event "Titled Tuesday intern op 12th Dec Early"]
[Site "Chess.com INT"]
[Date "2023.12.12"]
[Round "1"]
[White "Verbin, Valentina"]
[Black "Cordoba Roa, Angel Gabriel"]
[Result "0-1"]
[WhiteElo "2069"]
[BlackElo "2312"]
[PlyCount "122"]
[EventDate "2023.12.12"]
[EventType "swiss (blitz)"]
[EventRounds "11"]
[EventCountry "USA"]
[SourceTitle "CB51_2023"]
[SourceDate "2023.12.20"]
[SourceVersion "1"]
[SourceVersionDate "2023.12.20"]
[SourceQuality "1"]

1. e3 e5 2. c4 Nf6 3. Nc3 Nc6 4. g3 g6 5. Bg2 Bg7 6. Nge2 0-0 7. 0-0 Re8 8. d4 exd4 9. exd4 d6 10. h3 Bd7 11. Be3 a6 12. Qd2 Rb8 13. a4 Na5 14. c5 Nb3 15. Qd3 Nxa1 16. Rxa1 dxc5 17. dxc5 Bf5 18. Qc4 Bd3 19. Qh4 Ne4 20. Qxd8 Rbxd8 21. Nxe4 Bxe4 22. Bxe4 Rxe4 23. Nc3 Rb4 24. Nd1 Bxb2 25. Nxb2 Rxb2 26. Bf4 c6 27. Bd6 Re8 28. Bf4 Ree2 29. Be3 Rb3 30. Rd1 Rexe3 31. fxe3 Rxe3 32. Rd8+ Kg7 33. Kg2 Rc3 34. Rd7 Rxc5 35. Rxb7 Rc4 36. a5 Ra4 37. Rb6 Rxa5 38. Rxc6 Ra2+ 39. Kf3 a5 40. Ra6 a4 41. Kg4 h5+ 42. Kh4 Ra3 43. g4 f6 44. Ra7+ Kh6 45. gxh5 gxh5 46. Ra6 Kg6 47. Ra8 Kf5 48. Ra5+ Kf4 49. Rxh5 f5 50. Rh8 Kf3 51. Ra8 f4 52. Kg5 Kg3 53. h4 f3 54. h5 f2 55. Rf8 Rf3 56. Rxf3+ Kxf3 57. h6 f1Q 58. h7 Qh1 59. Kg6 a3 60. Kg7 a2 61. h8Q a1Q+ 0-1

[Event "Fagernes Autumn op"]
[Site "Fagernes"]
[Date "2023.10.11"]
[Round "5"]
[White "Arsenie, Cristian Marc"]
[Black "Verbin, Valentina"]
[Result "1-0"]
[WhiteElo "2091"]
[BlackElo "2085"]
[PlyCount "89"]
[EventDate "2023.10.08"]
[EventType "swiss"]
[EventRounds "9"]
[EventCountry "NOR"]
[SourceTitle "Mega2024 Update 01"]
[Source "Chessbase"]
[SourceDate "2023.11.12"]
[SourceVersion "1"]
[SourceVersionDate "2023.11.12"]
[SourceQuality "1"]

1. e4 c5 2. Nc3 e6 3. Nf3 a6 4. g3 Nc6 5. Bg2 Nf6 6. 0-0 d6 7. d4 cxd4 8. Nxd4 Bd7 9. Re1 Be7 10. Nxc6 Bxc6 11. e5 dxe5 12. Bxc6+ bxc6 13. Qf3 Qc7 14. Rxe5 0-0 15. Re1 a5 16. b3 Rfd8 17. Bf4 Qb6 18. Na4 Qb7 19. c4 Bb4 20. Re2 Nd7 21. Bg5 f6 22. Bf4 e5 23. Be3 Nf8 24. c5 Qb5 25. Rc2 Ba3 26. Rc4 Bb4 27. Qe2 Ba3 28. Nc3 Qb8 29. Nb1 a4 30. Nxa3 axb3 31. Qb2 bxa2 32. Qxa2 Kh8 33. Rb1 Qa7 34. Rc3 Qa5 35. Qc2 Ne6 36. Nc4 Qa7 37. Ra3 Qe7 38. Rxa8 Rxa8 39. Nb6 Rd8 40. Rd1 Nd4 41. Bxd4 exd4 42. Qa4 d3 43. Nc4 h6 44. Nd6 d2 45. Qc2 1-0

[Event "Norway Chess op"]
[Site "Stavanger"]
[Date "2023.05.29"]
[Round "5"]
[White "Verbin, Valentina"]
[Black "Tokhirjonova, Gulruhbegim"]
[Result "1/2-1/2"]
[WhiteElo "2112"]
[BlackElo "2340"]
[PlyCount "59"]
[EventDate "2023.05.27"]
[EventType "swiss"]
[EventRounds "10"]
[EventCountry "NOR"]
[SourceTitle "CBM 214 Extra"]
[Source "ChessBase"]
[SourceDate "2023.07.31"]
[SourceVersion "1"]
[SourceVersionDate "2023.07.31"]
[SourceQuality "1"]

1. e4 e5 2. Nf3 Nc6 3. Bb5 a6 4. Ba4 Nf6 5. 0-0 Nxe4 6. d4 b5 7. Bb3 d5 8. dxe5 Be6 9. Be3 Be7 10. c3 0-0 11. Nbd2 Bg4 12. Nxe4 dxe4 13. Qd5 exf3 14. Qxc6 fxg2 15. Qxg2 Qc8 16. Bh6 gxh6 17. f3 h5 18. fxg4 Qxg4 19. Qxg4+ hxg4 20. Rf4 c5 21. Bd5 Rad8 22. c4 Kg7 23. Rxg4+ Kh8 24. b3 Rg8 25. Rxg8+ Rxg8+ 26. Kf2 Bg5 27. Re1 Kg7 28. Bb7 bxc4 29. bxc4 a5 30. Rg1 1/2-1/2

[Event "Norway Chess op"]
[Site "Stavanger"]
[Date "2023.05.27"]
[Round "1"]
[White "Verbin, Valentina"]
[Black "Sivuk, Vitaly"]
[Result "0-1"]
[WhiteElo "2112"]
[BlackElo "2489"]
[PlyCount "56"]
[EventDate "2023.05.27"]
[EventType "swiss"]
[EventRounds "10"]
[EventCountry "NOR"]
[SourceTitle "CBM 214 Extra"]
[Source "ChessBase"]
[SourceDate "2023.07.31"]
[SourceVersion "1"]
[SourceVersionDate "2023.07.31"]
[SourceQuality "1"]

1. e4 c5 2. Nf3 e6 3. d4 cxd4 4. Nxd4 a6 5. c4 Nf6 6. Nc3 Bb4 7. Qd3 0-0 8. Be2 d6 9. 0-0 Nbd7 10. f3 Ne5 11. Qd2 Qc7 12. a3 Ba5 13. b3 b5 14. Kh1 bxc4 15. b4 Bb6 16. f4 Ng6 17. Nc2 Bb7 18. Ne3 Nxe4 19. Nxe4 Bxe4 20. Bb2 d5 21. Nc2 Rac8 22. Qc3 f6 23. Bg4 Nxf4 24. Rxf4 Qxf4 25. Bxe6+ Kh8 26. Bxc8 Rxc8 27. Nd4 Qg4 28. Rg1 Re8 0-1

[Event "Fagernes op-A"]
[Site "Fagernes"]
[Date "2023.04.02"]
[Round "1"]
[White "Trost, Edvin"]
[Black "Verbin, Valentina"]
[Result "0-1"]
[WhiteElo "2398"]
[BlackElo "2071"]
[PlyCount "84"]
[EventDate "2023.04.02"]
[EventType "swiss"]
[EventRounds "9"]
[EventCountry "NOR"]
[SourceTitle "CBM 213 Extra"]
[Source "ChessBase"]
[SourceDate "2023.05.31"]
[SourceVersion "1"]
[SourceVersionDate "2023.05.31"]
[SourceQuality "1"]

1. d4 Nf6 2. c4 e6 3. Nf3 d5 4. g3 Bb4+ 5. Bd2 Be7 6. Bg2 0-0 7. Qc2 Nbd7 8. h4 dxc4 9. Qxc4 c5 10. dxc5 Bxc5 11. 0-0 Qe7 12. Nc3 Nb6 13. Qb3 e5 14. Ng5 h6 15. Nge4 Nxe4 16. Nxe4 Be6 17. Qb5 Rac8 18. Rfc1 a6 19. Qd3 Rfd8 20. Qf3 Bd5 21. Ba5 Bd4 22. e3 Bxb2 23. Bxb6 Bxc1 24. Bxd8 Qxd8 25. Qf5 Be6 26. Qxe5 Qb6 27. a4 Bb2 28. Rb1 Rc1+ 29. Kh2 Rxb1 30. Qb8+ Kh7 31. a5 Qxa5 32. Nd6 Rd1 33. Be4+ f5 34. Bf3 Rd2 35. Kg2 Qe5 36. Qe8 Rxd6 37. Qf8 Bd5 38. Bxd5 Rxd5 39. h5 Qe4+ 40. Kh2 Rd1 41. g4 Rh1+ 42. Kg3 Qxg4# 0-1

[Event "Sitges Sunway op 9th"]
[Site "Sitges"]
[Date "2022.12.20"]
[Round "8"]
[White "Verbin, Valentina"]
[Black "Carbonell Sancho, Marc"]
[Result "0-1"]
[WhiteElo "2088"]
[BlackElo "2384"]
[PlyCount "66"]
[EventDate "2022.12.12"]
[EventType "swiss"]
[EventRounds "10"]
[EventCountry "ESP"]
[SourceTitle "CBM 211 Extra"]
[Source "ChessBase"]
[SourceDate "2023.01.31"]
[SourceVersion "1"]
[SourceVersionDate "2023.01.31"]
[SourceQuality "1"]

1. e4 d6 2. d4 Nf6 3. Nc3 g6 4. Nf3 c6 5. a4 a5 6. Be2 Bg7 7. h3 0-0 8. 0-0 Na6 9. Be3 Qc7 10. Qd2 Nb4 11. Rac1 Rd8 12. Bh6 Bh8 13. Qe3 e5 14. dxe5 dxe5 15. Bc4 Be6 16. Bxe6 fxe6 17. Qc5 Nd7 18. Qc4 Re8 19. Rfd1 Nb6 20. Qc5 Nc8 21. Ng5 b6 22. Qc4 Bf6 23. Nxe6 Qf7 24. Nd5 cxd5 25. exd5 Nd6 26. Qc7 Nf5 27. Be3 Nxd5 28. Rxd5 Qxe6 29. Rd7 Rec8 30. Qb7 Nd6 31. Qf3 Qxd7 32. Qxf6 Nf5 33. Bxb6 Rc6 0-1

[Event "Sitges Sunway op 9th"]
[Site "Sitges"]
[Date "2022.12.19"]
[Round "7"]
[White "Gong, Qianyun"]
[Black "Verbin, Valentina"]
[Result "0-1"]
[WhiteElo "2299"]
[BlackElo "2088"]
[PlyCount "67"]
[EventDate "2022.12.12"]
[EventType "swiss"]
[EventRounds "10"]
[EventCountry "ESP"]
[SourceTitle "CBM 211 Extra"]
[Source "ChessBase"]
[SourceDate "2023.01.31"]
[SourceVersion "1"]
[SourceVersionDate "2023.01.31"]
[SourceQuality "1"]

1. e4 e5 2. Nf3 Nc6 3. Bc4 Bc5 4. c3 Nf6 5. d4 exd4 6. e5 d5 7. Bb5 Ne4 8. cxd4 Bb6 9. Nc3 0-0 10. Be3 Bg4 11. h3 Bh5 12. Qc2 Bg6 13. Qb3 Nxc3 14. Bxc6 bxc6 15. Qxc3 Be4 16. Qxc6 Ba5+ 17. Kf1 f6 18. exf6 Rxf6 19. Qa4 Ra6 20. Ne5 Rb8 21. b3 Qe8 22. Qd7 Qf8 23. Rc1 Rf6 24. Kg1 Bd2 25. Rc6 Bxe3 26. Rxf6 gxf6 27. Qe6+ Kh8 28. Nd7 Qg7 29. Rh2 Rd8 30. fxe3 Qxd7 31. Qxf6+ Kg8 32. Qg5+ Bg6 33. h4 Rf8 34. Rh3 0-1

[Event "SRB-chT (Women)"]
[Site "Custica"]
[Date "2022.10.31"]
[Round "10.2"]
[White "Lu, Miaoyi"]
[Black "Verbin, Valentina"]
[Result "1-0"]
[WhiteElo "2273"]
[BlackElo "2075"]
[PlyCount "133"]
[EventDate "2022.10.22"]
[EventType "team-tourn"]
[EventRounds "11"]
[EventCountry "SRB"]
[SourceTitle "EXT 2024"]
[Source "ChessBase"]
[SourceDate "2023.10.10"]
[SourceVersion "1"]
[SourceVersionDate "2023.10.10"]
[SourceQuality "1"]
[WhiteTeam "Topola Karadorde (W)"]
[BlackTeam "Belgrade Partizan (W)"]
[WhiteTeamCountry "SRB"]
[BlackTeamCountry "SRB"]

1. e4 e5 2. Nf3 Nc6 3. d4 exd4 4. Nxd4 Nf6 5. Nxc6 bxc6 6. e5 Qe7 7. Qe2 Nd5 8. h4 Qe6 9. Nd2 a5 10. g3 f6 11. c4 Nb6 12. exf6 Qxe2+ 13. Bxe2 gxf6 14. Ne4 Bg7 15. Bh5+ Kd8 16. Ng5 Ke7 17. 0-0 Nxc4 18. Re1+ Ne5 19. Nf7 Rf8 20. f4 Rxf7 21. fxe5 fxe5 22. Bg5+ Kf8 23. Bxf7 Kxf7 24. Bd8 Ra7 25. Rac1 Ke8 26. Bg5 Ra6 27. Rf1 d6 28. h5 h6 29. Bf6 Bf8 30. Rce1 c5 31. Re4 Rb6 32. Rf2 Be6 33. g4 Bf7 34. Rh2 Bg8 35. g5 hxg5 36. Rg4 Bh7 37. h6 Kf7 38. Rf2 Ke6 39. Bd8 Bxh6 40. Rf6+ Kd7 41. Rxh6 Bb1 42. Bf6 Rxb2 43. Rxg5 Rxa2 44. Rg7+ Kc8 45. Rh8+ Kb7 46. Bd8 Kc6 47. Rxc7+ Kd5 48. Be7 Be4 49. Rd8 Ra1+ 50. Kf2 Ra2+ 51. Ke1 Ra1+ 52. Kd2 Ra2+ 53. Kc1 Ra1+ 54. Kb2 Rb1+ 55. Kc3 Rc1+ 56. Kd2 Rc2+ 57. Kd1 a4 58. Bxd6 c4 59. Bb4+ Ke6 60. Re7+ Kf6 61. Rf8+ Kg6 62. Rxe5 Bd3 63. Re3 Rb2 64. Rg3+ Kh7 65. Bc3 Rb1+ 66. Kd2 Rb7 67. Rh8# 1-0

[Event "SRB-chT (Women)"]
[Site "Custica"]
[Date "2022.10.29"]
[Round "8.1"]
[White "Javakhishvili, Lela"]
[Black "Verbin, Valentina"]
[Result "1-0"]
[WhiteElo "2464"]
[BlackElo "2075"]
[PlyCount "117"]
[EventDate "2022.10.22"]
[EventType "team-tourn"]
[EventRounds "11"]
[EventCountry "SRB"]
[SourceTitle "EXT 2024"]
[Source "ChessBase"]
[SourceDate "2023.10.10"]
[SourceVersion "1"]
[SourceVersionDate "2023.10.10"]
[SourceQuality "1"]
[WhiteTeam "Sremska Mitrovica Sirmium (W)"]
[BlackTeam "Belgrade Partizan (W)"]
[WhiteTeamCountry "SRB"]
[BlackTeamCountry "SRB"]

1. d4 d5 2. c4 e6 3. Nf3 Nf6 4. g3 dxc4 5. Bg2 a6 6. 0-0 Nc6 7. e3 Bd7 8. Qe2 Bd6 9. Rd1 Qe7 10. Qxc4 0-0 11. Nc3 h6 12. b3 Rac8 13. Bb2 b5 14. Qe2 e5 15. d5 Nb8 16. Nd2 Ba3 17. Nde4 Nxe4 18. Nxe4 Bxb2 19. Qxb2 f5 20. d6 cxd6 21. Nxd6 Rc7 22. Rac1 Bc6 23. e4 fxe4 24. Nxe4 Bb7 25. a4 Rxc1 26. Rxc1 Bc6 27. axb5 axb5 28. b4 Rd8 29. Qb3+ Kh8 30. Rc5 Qd7 31. Nc3 Bxg2 32. Kxg2 Nc6 33. Rd5 Qe7 34. Rxd8+ Qxd8 35. Qd5 Qxd5+ 36. Nxd5 Kg8 37. Kf3 Kf7 38. Ke4 Ke6 39. Nc7+ Kf6 40. Nd5+ Ke6 41. Nc7+ Kf6 42. Na6 Ke6 43. h4 h5 44. f3 g6 45. g4 Kf6 46. g5+ Ke7 47. Kd5 Nd4 48. Nb8 Nxf3 49. Nc6+ Kf8 50. Nxe5 Nxh4 51. Kc5 Nf5 52. Nxg6+ Kg7 53. Nf4 Ne3 54. Kxb5 Nc2 55. Kc5 Na3 56. b5 Nxb5 57. Kxb5 h4 58. Kc5 Kf7 59. Kd5 1-0

[Event "SRB-chT (Women)"]
[Site "Custica"]
[Date "2022.10.24"]
[Round "3.4"]
[White "Radeva, Viktoria"]
[Black "Verbin, Valentina"]
[Result "1/2-1/2"]
[WhiteElo "2263"]
[BlackElo "2075"]
[PlyCount "96"]
[EventDate "2022.10.22"]
[EventType "team-tourn"]
[EventRounds "11"]
[EventCountry "SRB"]
[SourceTitle "EXT 2024"]
[Source "ChessBase"]
[SourceDate "2023.10.10"]
[SourceVersion "1"]
[SourceVersionDate "2023.10.10"]
[SourceQuality "1"]
[WhiteTeam "Nova Varos Zlatar (W)"]
[BlackTeam "Belgrade Partizan (W)"]
[WhiteTeamCountry "SRB"]
[BlackTeamCountry "SRB"]

1. e4 c5 2. Nc3 a6 3. g3 b5 4. Bg2 Bb7 5. d3 e6 6. Nh3 Nf6 7. 0-0 b4 8. Na4 d6 9. c3 a5 10. Nf4 Qc7 11. Re1 Nbd7 12. d4 cxd4 13. cxd4 Rc8 14. e5 dxe5 15. Bxb7 Qxb7 16. dxe5 Ne4 17. Nd3 Ndc5 18. Naxc5 Nxc5 19. Nxc5 Bxc5 20. Qg4 0-0 21. Bh6 f5 22. exf6 Rxf6 23. Be3 Bxe3 24. Rxe3 Rcf8 25. Rf1 Qd5 26. b3 Qc5 27. Qe2 Qc6 28. Re5 Qb6 29. Kg2 Rd8 30. Qb5 Qxb5 31. Rxb5 Rf5 32. Rxf5 exf5 33. Rc1 Rd2 34. Rc5 Rxa2 35. Rxf5 Ra3 36. h4 g6 37. Rb5 Rxb3 38. Rxa5 Rb1 39. Ra7 b3 40. Kf3 b2 41. Rb7 Kf8 42. Ke2 Ke8 43. Kd2 Rf1 44. Rxb2 Rxf2+ 45. Kc1 Rf1+ 46. Kc2 Rf2+ 47. Kc1 Rf1+ 48. Kc2 Rf2+ 1/2-1/2

[Event "SRB-chT (Women)"]
[Site "Custica"]
[Date "2022.10.22"]
[Round "1.3"]
[White "Mehmed, Elif"]
[Black "Verbin, Valentina"]
[Result "1-0"]
[WhiteElo "2189"]
[BlackElo "2075"]
[PlyCount "61"]
[EventDate "2022.10.22"]
[EventType "team-tourn"]
[EventRounds "11"]
[EventCountry "SRB"]
[SourceTitle "EXT 2024"]
[Source "ChessBase"]
[SourceDate "2023.10.10"]
[SourceVersion "1"]
[SourceVersionDate "2023.10.10"]
[SourceQuality "1"]
[WhiteTeam "Kostolac Rudar (W)"]
[BlackTeam "Belgrade Partizan (W)"]
[WhiteTeamCountry "SRB"]
[BlackTeamCountry "SRB"]

1. e4 c5 2. Nf3 d6 3. d4 cxd4 4. Nxd4 Nf6 5. Nc3 a6 6. Nb3 e5 7. Bg5 Be6 8. f4 exf4 9. Qd2 Nbd7 10. Bxf4 Ne5 11. Nd4 Bd7 12. 0-0-0 Qc7 13. Bg5 Be7 14. Nf5 Bxf5 15. exf5 0-0 16. Be2 Nc4 17. Bxc4 Qxc4 18. Rhe1 Rfe8 19. Kb1 Rad8 20. b3 Qc8 21. Rxe7 Rxe7 22. Bxf6 gxf6 23. Nd5 Re5 24. Nxf6+ Kg7 25. Nh5+ Kf8 26. Qh6+ Ke7 27. Qf6+ Kf8 28. Ng7 Kg8 29. Ne6 fxe6 30. Rd3 Re1+ 31. Kb2 1-0

[Event "Fagernes Autumn op"]
[Site "Fagernes"]
[Date "2022.10.14"]
[Round "7"]
[White "Kistrup, Nicolai"]
[Black "Verbin, Valentina"]
[Result "1/2-1/2"]
[WhiteElo "2274"]
[BlackElo "2075"]
[PlyCount "66"]
[EventDate "2022.10.09"]
[EventType "swiss"]
[EventRounds "9"]
[EventCountry "NOR"]
[SourceTitle "CBM 210 Extra"]
[Source "ChessBase"]
[SourceDate "2022.11.30"]
[SourceVersion "1"]
[SourceVersionDate "2022.11.30"]
[SourceQuality "1"]

1. d4 Nf6 2. c4 e6 3. Nc3 d5 4. cxd5 exd5 5. Bg5 Bb4 6. e3 h6 7. Bh4 g5 8. Bg3 Ne4 9. Qa4+ Nc6 10. Bb5 Bd7 11. Nge2 h5 12. f3 Nxg3 13. hxg3 a6 14. Bxc6 Bxc3+ 15. Nxc3 Bxc6 16. Qc2 Qe7 17. Qf2 0-0-0 18. 0-0-0 f5 19. f4 g4 20. Rde1 Bb5 21. Qc2 Qe6 22. Rh4 Kb8 23. Kd2 c5 24. Rhh1 cxd4 25. exd4 Qb6 26. Qxf5 Qxd4+ 27. Kc1 Rc8 28. Rd1 Rxc3+ 29. bxc3 Qxc3+ 30. Kb1 Qb4+ 31. Ka1 Qc3+ 32. Kb1 Qb4+ 33. Ka1 Qc3+ 1/2-1/2

[Event "Nova Gorica op-A 26th"]
[Site "Nova Gorica"]
[Date "2022.09.18"]
[Round "4"]
[White "Drazic, Sinisa"]
[Black "Verbin, Valentina"]
[Result "1-0"]
[WhiteElo "2327"]
[BlackElo "2049"]
[PlyCount "87"]
[EventDate "2022.09.16"]
[EventType "swiss"]
[EventRounds "9"]
[EventCountry "SLO"]
[SourceTitle "CBM 210 Extra"]
[Source "ChessBase"]
[SourceDate "2022.11.30"]
[SourceVersion "1"]
[SourceVersionDate "2022.11.30"]
[SourceQuality "1"]

1. d4 Nf6 2. c3 d5 3. Bg5 c5 4. Bxf6 gxf6 5. e3 cxd4 6. exd4 Nc6 7. Nd2 Bg7 8. Ne2 f5 9. Nf4 e6 10. Bd3 Bd7 11. Nf3 Bh6 12. Nh5 Qe7 13. Qe2 0-0-0 14. g3 f6 15. Nh4 Qf7 16. Qf3 Kb8 17. 0-0 Bg5 18. Rfe1 Rhg8 19. Ng2 e5 20. Qd1 f4 21. Be2 Bh3 22. Kh1 Bxg2+ 23. Kxg2 e4 24. gxf4 Bxf4+ 25. Kh1 Bc7 26. Rg1 Qe6 27. f4 exf3 28. Bxf3 Qh3 29. Qe2 Ka8 30. Rg2 Rge8 31. Qf2 f5 32. Nf6 Re4 33. Rf1 Rf4 34. Qg3 Qh6 35. Qg7 Qh3 36. Qg3 Qh6 37. Qg5 Qh3 38. Be2 Rxf1+ 39. Bxf1 Bxh2 40. Rg1 Bf4+ 41. Bxh3 Bxg5 42. Rxg5 Ne7 43. Rg7 Ng6 44. Bxf5 1-0

[Event "Olympiad Women-44"]
[Site "Chennai"]
[Date "2022.08.09"]
[Round "11.1"]
[White "Verbin, Valentina"]
[Black "Unuk, Laura"]
[Result "0-1"]
[WhiteElo "2069"]
[BlackElo "2340"]
[PlyCount "70"]
[EventDate "2022.07.29"]
[EventType "team-swiss"]
[EventRounds "11"]
[EventCountry "IND"]
[SourceTitle "CBM 210"]
[Source "ChessBase"]
[SourceDate "2022.10.31"]
[SourceVersion "1"]
[SourceVersionDate "2022.10.31"]
[SourceQuality "1"]
[WhiteTeam "Moldova (W)"]
[BlackTeam "Slovenia (W)"]
[WhiteTeamCountry "MDA"]
[BlackTeamCountry "SLO"]

1. e4 e5 2. Nf3 Nc6 3. Bb5 f5 4. d3 fxe4 5. dxe4 Nf6 6. Qd3 d6 7. a3 Bd7 8. Nc3 Qe7 9. Bg5 Qf7 10. 0-0-0 Be7 11. h3 0-0 12. Be3 Kh8 13. Bc4 Qe8 14. Nh4 a6 15. Bb3 b5 16. g3 Na5 17. Ba2 c5 18. Bd5 Rb8 19. b4 Nc4 20. Bxc4 bxc4 21. Qxc4 cxb4 22. axb4 d5 23. Nxd5 Nxd5 24. exd5 Bxb4 25. c3 Ba3+ 26. Kd2 Rb2+ 27. Ke1 Bb5 28. Qg4 Re2+ 29. Qxe2 Bxe2 30. Kxe2 Qb5+ 31. Ke1 Bb2 32. Bd2 Qxd5 33. Rg1 Rd8 34. Ke2 Qd3+ 35. Ke1 Bxc3 0-1

[Event "Olympiad Women-44"]
[Site "Chennai"]
[Date "2022.08.06"]
[Round "8.1"]
[White "Morales Santos, Natasha"]
[Black "Verbin, Valentina"]
[Result "0-1"]
[WhiteElo "1924"]
[BlackElo "2069"]
[PlyCount "110"]
[EventDate "2022.07.29"]
[EventType "team-swiss"]
[EventRounds "11"]
[EventCountry "IND"]
[SourceTitle "CBM 210"]
[Source "ChessBase"]
[SourceDate "2022.10.31"]
[SourceVersion "1"]
[SourceVersionDate "2022.10.31"]
[SourceQuality "1"]
[WhiteTeam "Puerto Rico (W)"]
[BlackTeam "Moldova (W)"]
[WhiteTeamCountry "PUR"]
[BlackTeamCountry "MDA"]

1. d4 Nf6 2. c4 e6 3. Nc3 Bb4 4. Qc2 0-0 5. a3 Bxc3+ 6. Qxc3 b6 7. Bg5 Bb7 8. e3 d6 9. Ne2 Nbd7 10. Qc2 c5 11. Rd1 Qc7 12. Nc3 a6 13. f3 cxd4 14. Rxd4 Qc5 15. Bxf6 Nxf6 16. Qd2 Rfd8 17. Be2 e5 18. b4 Qc7 19. Rd3 Qxc4 20. Rxd6 Qc7 21. Rxd8+ Rxd8 22. Qb2 Rc8 23. Nd1 Nd5 24. Kf2 b5 25. Re1 f6 26. e4 Qb6+ 27. Kg3 Nf4 28. Qb3+ Qe6 29. Qxe6+ Nxe6 30. Bf1 Rc1 31. Kf2 Ra1 32. Ne3 Rxa3 33. Rd1 Nd4 34. Rc1 Bc6 35. Nf5 Nxf5 36. exf5 Bd7 37. g4 Kf7 38. Rc7 Ke7 39. Ra7 Kd6 40. Kg3 e4 41. Be2 exf3 42. Bd1 g6 43. fxg6 hxg6 44. h4 Bc6 45. h5 gxh5 46. gxh5 Ra2 47. Bxf3 Ra3 48. h6 Rxf3+ 49. Kg4 Rf1 50. h7 Rh1 51. Kf5 Rh6 52. Rf7 Bd7+ 53. Ke4 Ke6 54. Rg7 Rh4+ 55. Ke3 Bc6 0-1